Effectif du PSG 2017/2018 - Statistiques

Statistiques générales
  • Ce quiz a été pris 131 fois
  • Le résultat moyen est 20 sur 42
Statistiques - réponses
Nationalité Joueur % Correct
Brésil Marquinhos
88%
Allemagne Trapp
87%
Uruguay Cavani
86%
France Mbappé
86%
Brésil Neymar
84%
France Kimpembe
81%
Brésil Silva
81%
Italie Verratti
81%
Côte d'Ivoire Aurier
77%
France Areola
76%
Argentine Di Maria
75%
Allemagne Draxler
72%
Belgique Meunier
72%
Italie Motta
70%
France Kurzawa
63%
USA Weah
63%
Brésil Alves
53%
France Matuidi
53%
Argentine Pastore
53%
France Rabiot
53%
Brésil Lucas
52%
Argentine Lo Celso
46%
Brésil Maxwell
46%
France Nkunku
42%
Pologne Krychowiak
41%
Espagne Jesé
39%
Portugal Guedes
35%
Espagne Berchiche
34%
France Ben Arfa
28%
France Diarra
22%
France Augustin
17%
France Cibois
13%
France Descamps
13%
France Bahebeck
11%
France Georgen
10%
France Nsoki
10%
Guyane Française Rimane
10%
France Adli
8%
France Bernede
8%
France Callegari
8%
France Edouard
5%
France Aggoune
3%
Aucun quiz correspondant
Distribution des résultats
% des personnes avec chaque résultat
Percentile par nombre de réponses
Votre historique - résultats
Vous n’avez pas pris ce quiz